| 000 | nam a22 a 4500 | ||
|---|---|---|---|
| 999 |
_c1929 _d1929 |
||
| 005 | 20170512121751.0 | ||
| 008 | 170512b1999 my ||||| |||| 00| 0 eng d | ||
| 040 | _aAKMAL | ||
| 082 | _a345.9595 SUR | ||
| 090 |
_a345.9595 _bSUR |
||
| 245 |
_aSURVEY OF MALAYSIAN LAW 1999 / _cSHARIFAH SUHANAH SYED AHMAD |
||
| 260 |
_aMALAYSIA _bUniversity of Malaya Press _c1999 |
||
| 300 |
_a577 ms. _ccm |
||
| 942 |
_2ddc _cBOOK |
||